01247nam a2200157 a 4500008004100000020001800041041000800059100002100067245008200088250001100170260005500181300002200236500013600258505068000394655001501074011117t2008 ag |||g |||| 000 0 spa d a9789876410045 aspa1 aMaturo, Graciela aAntología poética.pPoetas argentinos contemporáneos /cGraciela Maturo a1a ed. aBuenos Aires:bFondo Nacional de las Artes;c2008. a156 p.c19x11 cm. aMaturo, G. (2006). Antología poética. Poetas argentinos contemporáneos. (1a ed.). Buenos Aires : Fondo Nacional de las Artes. aLa poesía de Graciela Maturo nace de un espontáneo reclamo interior, es un canto de alto contenido emocional, la visión de un poeta de majestad conciente y perspectiva cósmica, que al impulso de intransferibles intuiciones transita la imprecisa frontera que separa al mundo formal de la imagen real del universo que se oculta tras un velo (...) Su proceso dialéctico se ordena en un itinerario ascendente: soledad, revelación, intuición de lo absoluto a través de la imagen numinosa del mar, desesperado intento por perpetuar esos momentos de transformación en el que el yo liberado, supera la angustia de la condición separada y se integra en la unidad.  aLiteratura